00741nam a2200253 a 4500001001300000003000900013005001700022008004100039020001000080082001900090100002000109245004500129260004400174300000900218500003500227505001000262650001900272650002400291700002000315902000800335942000700343952012000350999001700470nice12345678IN_TiNIC20260116013709.0050524s1997 lona grp 000 0 eng  ac39500a303.60954bPAR aParthasarthy, D aCollective Violence in a Provincial City aLondan bOxford University Press c1997 a204p aincludes index and biblioraphy2 aIndex aViolence-India aVijayawada-Violence1 aParthasarthy, D bSRS cBK 001040708StackRoom-aHMIbHMId2007-03-20g395.00l0o303.60954 PARp017483r2007-03-20v395.00w2005-05-24yBK c12018d12018